000 00372nam a2200157Ia 4500
008 230524s9999 xx 000 0 und d
082 _a604.312
_bSEN
100 _aG.C.Sen
245 0 _aPrinciples of Machine Tools
250 _a1ST
260 _aNEW DELHI
_bNewcental
_c2002
300 _aXX;954
500 _aQuantity Number: 5
650 _aMechanics
942 _cBK
999 _c21193
_d21193